=LDR 00000nam 2200000 4500 =001 INLIS000000000026132 =005 20130612124606 =008 ***********************************Ind** =035 ##$$0010-061300000026132 =041 ##$$a Ind =082 ##$$a 372.5 =090 ##$$a 372.5, Tob c =100 ##$$a TaTobing, I.A.L =245 ##$$a CBSA ungkapan kreatif pedoman untuk guru dan orang tua di taman kanak-kanak dan sekolah dasar, A.A.L Tobing =260 ##$$a 1990 $b Jakarta =300 ##$$a 24 hlm, ilus, 28 cm =650 ##$$a Kerajinan Tangan =850 ##$$a NBPNMAT